Plant pathology
| Main Author: | |
|---|---|
| Format: | Book |
| Published: |
Amsterdam Boston : :
Elsevier Academic Press ,
2005.
|
| Edition: | 5th ed. |
| Subjects: |
MARC
| LEADER | 00000cam a2200000 7i4500 | ||
|---|---|---|---|
| 001 | 0000003489 | ||
| 005 | 20060403.0 | ||
| 020 | 0 | 0 | |a 0120445654 |
| 090 | 0 | 0 | |a 571.92 |b AGR |
| 100 | 1 | 0 | |a Agrios, George N. , |d 1936- |
| 245 | 1 | 0 | |a Plant pathology |c George N. Agrios. |
| 250 | 0 | 0 | |a 5th ed. |
| 260 | 0 | 0 | |a Amsterdam |a Boston : : |b Elsevier Academic Press , |c 2005. |
| 300 | |a xxiii, 922 p. : |b ill. (chiefly col.) ; |c 29 cm. | ||
| 650 | 0 | 0 | |a Plant diseases |
| 999 | |a 0000006772 |b Monograph |c Open Shelf |e Default branch | ||